[Event "Landesklasse Ost 2024/25"]
[Site "?"]
[Date "2024.09.15"]
[Round "1.2"]
[White "Gräf, Michael"]
[Black "Schlierf, Andre"]
[Result "1/2-1/2"]
[WhiteElo "1843"]
[BlackElo "1744"]
[PlyCount "76"]
[EventDate "2024.09.15"]
[EventType "team-tourn"]
[EventRounds "9"]
[WhiteTeam "SSV Vimaria 91 Weimar 2"]
[BlackTeam "Schachklub Weida"]

{[%evp 0,76,20,32,76,68,64,64,73,60,84,62,74,35,50,43,75,24,52,2,-2,4,44,4,11,-4,10,0,-13,4,0,3,18,-24,-36,-27,-27,-19,-13,-14,18,29,25,25,31,13,47,37,53,53,60,39,47,49,36,29,22,17,18,5,0,0,23,13,3,0,0,2,15,0,12,0,0,0,21,11,19,0,3]} 1. d4 f5 2. g3 Nf6 3. Bg2 c6 4. c4 g6 5. Nc3 Bg7 6. e3 d6 7. Nge2 Qc7 8. d5 e5 9. dxe6 Bxe6 10. b3 O-O 11. O-O Na6 12. Ba3 Rad8 13. Rc1 Nc5 14. Qc2 Rfe8 15. Rfd1 Bf7 16. Bxc5 dxc5 17. Rxd8 Rxd8 18. Rd1 Ng4 19. h3 Ne5 20. f4 Rxd1+ 21. Qxd1 Nd7 22. e4 Be6 23. e5 Bf8 24. Qd3 Be7 25. h4 Nf8 26. Kf2 Qd7 27. Qxd7 Bxd7 28. Ke3 Ne6 29. a4 Kf7 30. Nb1 Nc7 31. Na3 a6 32. Nc3 h6 33. Nc2 g5 34. hxg5 hxg5 35. Ne1 Ne6 36. Ne2 b5 37. Nf3 g4 38. Nd2 Bd8 1/2-1/2

[Event "Landesklasse Ost 2024/25"]
[Site "?"]
[Date "2024.09.15"]
[Round "1.3"]
[White "Wagner, Uwe"]
[Black "Aweh, Mads"]
[Result "1-0"]
[WhiteElo "1707"]
[BlackElo "1746"]
[PlyCount "65"]
[EventDate "2024.09.15"]
[EventType "team-tourn"]
[EventRounds "9"]
[WhiteTeam "Schachklub Weida"]
[BlackTeam "SSV Vimaria 91 Weimar 2"]

{[%evp 0,65,28,13,25,-28,-28,-14,-10,-21,-13,-25,1,-22,-14,-31,-16,-31,-33,-31,39,-13,-5,-11,0,-6,-12,-12,16,-37,-27,14,50,31,33,36,86,11,62,-15,117,72,64,43,240,252,263,263,277,268,351,368,428,438,487,509,522,528,523,521,580,606,1502,760,1451,2203,29999,-30000]} 1. Nf3 d5 2. b3 Nf6 3. Bb2 Bf5 4. e3 e6 5. Be2 Bd6 6. h3 Nc6 7. d4 Ne4 8. a3 Qf6 9. Nbd2 Qg6 10. Nh4 Nxf2 11. Nxg6 Nxd1 12. Nxh8 Nxe3 13. Kf2 Nxc2 14. Rac1 N2xd4 15. g4 Be4 16. Nxe4 dxe4 17. Bc4 f6 18. Rhd1 Ke7 19. Ke3 Bc5 20. Kxe4 Rxh8 21. b4 Bb6 22. b5 f5+ 23. gxf5 exf5+ 24. Kf4 Na5 25. Bxd4 Bxd4 26. Rxd4 Nxc4 27. Rdxc4 Kf6 28. Rxc7 g5+ 29. Kf3 h5 30. Rxb7 g4+ 31. hxg4 hxg4+ 32. Kf4 Rh3 33. Rc6# 1-0

[Event "Landesklasse Ost 2024/25"]
[Site "?"]
[Date "2024.09.15"]
[Round "1.4"]
[White "Krömer, Emanuel"]
[Black "Heine, Mario"]
[Result "1-0"]
[WhiteElo "1721"]
[BlackElo "1739"]
[PlyCount "67"]
[EventDate "2024.09.15"]
[EventType "team-tourn"]
[EventRounds "9"]
[WhiteTeam "SSV Vimaria 91 Weimar 2"]
[BlackTeam "Schachklub Weida"]

{[%evp 0,67,20,32,57,61,75,63,64,69,103,36,56,59,55,68,75,77,93,62,72,71,84,57,45,43,75,72,86,85,87,62,97,80,76,84,86,43,40,47,116,111,147,142,140,1,0,-27,-49,-26,-26,-55,0,-7,135,-33,39,128,155,155,502,745,791,791,1048,1101,1163,1163,1185,1194]} 1. d4 d6 2. e4 Nf6 3. Nc3 c6 4. Nf3 Nbd7 5. Bc4 e6 6. O-O Be7 7. a4 Qc7 8. Re1 d5 9. exd5 cxd5 10. Bd3 a6 11. Ne2 Bd6 12. Ng3 h6 13. Nf5 Bf8 14. a5 g6 15. N5h4 Kd8 16. Ne5 Nxe5 17. dxe5 Nd7 18. Qf3 Be7 19. Qg3 g5 20. Nf3 Bb4 21. c3 Bxa5 22. Bxg5+ hxg5 23. Qxg5+ Ke8 24. Qg7 Rf8 25. h4 Nc5 26. Bc2 Ne4 27. h5 Bb6 28. Bxe4 dxe4 29. Ng5 Qc5 30. Nxe4 Qe7 31. Rad1 Bd7 32. Nf6+ Kd8 33. Rxd7+ Qxd7 34. Qxf8+ 1-0

[Event "Landesklasse Ost 2024/25"]
[Site "?"]
[Date "2024.09.15"]
[Round "1.5"]
[White "Heine, Robert"]
[Black "Käckell, Oskar"]
[Result "1/2-1/2"]
[WhiteElo "1547"]
[BlackElo "1688"]
[PlyCount "41"]
[EventDate "2024.09.15"]
[EventType "team-tourn"]
[EventRounds "9"]
[WhiteTeam "Schachklub Weida"]
[BlackTeam "SSV Vimaria 91 Weimar 2"]

{[%evp 0,41,20,32,23,15,28,-19,-17,-4,10,-6,34,-13,2,6,6,-41,39,20,58,54,59,59,62,7,14,20,87,13,43,19,37,31,29,-1,36,26,28,41,32,-30,-24,-41]} 1. d4 d5 2. Nf3 Nf6 3. Nbd2 e6 4. e3 Bd6 5. Bd3 O-O 6. c3 Nbd7 7. e4 e5 8. exd5 Nxd5 9. O-O Nf4 10. Ne4 Nxd3 11. Qxd3 Re8 12. Nxd6 cxd6 13. Re1 Qc7 14. dxe5 Nxe5 15. Ng5 g6 16. Qd4 Bf5 17. Be3 h6 18. Ne4 Bxe4 19. Qxe4 Nc4 20. Qc2 Nxe3 21. Rxe3 1/2-1/2

[Event "Landesklasse Ost 2024/25"]
[Site "?"]
[Date "2024.09.15"]
[Round "1.6"]
[White "Han, Erdem"]
[Black "Urban, Bernd"]
[Result "0-1"]
[WhiteElo "1670"]
[BlackElo "1690"]
[PlyCount "64"]
[EventDate "2024.09.15"]
[EventType "team-tourn"]
[EventRounds "9"]
[WhiteTeam "SSV Vimaria 91 Weimar 2"]
[BlackTeam "Schachklub Weida"]

{[%evp 0,64,20,15,15,-7,6,6,6,6,22,11,40,27,35,18,39,30,39,16,10,23,14,45,52,6,56,1,8,8,20,26,25,30,43,7,14,0,18,18,13,-105,-99,-97,-97,-169,-167,-163,-179,-284,-307,-264,-328,-298,-298,-428,-226,-273,-264,-379,-376,-377,-287,-491,-482,-29997,-29998]} 1. d4 d5 2. c4 e6 3. Nc3 Nf6 4. Nf3 Be7 5. Bf4 a6 6. e3 O-O 7. c5 b6 8. b4 a5 9. a3 axb4 10. axb4 Rxa1 11. Qxa1 Nh5 12. Bd3 Bd7 13. O-O Nxf4 14. exf4 bxc5 15. bxc5 Nc6 16. Rb1 Qa8 17. Nb5 Qxa1 18. Rxa1 Rc8 19. Ne5 Be8 20. Na7 Ra8 21. Nexc6 Bxc6 22. Ra3 Bf6 23. Rb3 Be8 24. Rb7 c6 25. Rc7 Bxd4 26. Nxc6 Bxc5 27. Ne5 Bd6 28. Rc1 f6 29. Nc6 Bxf4 30. Rc2 Bd6 31. Nd4 Bg6 32. Bxg6 Ra1+ 0-1

[Event "Landesklasse Ost 2024/25"]
[Site "?"]
[Date "2024.09.15"]
[Round "1.7"]
[White "Koseck, Christian"]
[Black "Bemmann, Carlo"]
[Result "1/2-1/2"]
[WhiteElo "1696"]
[BlackElo "1640"]
[PlyCount "27"]
[EventDate "2024.09.15"]
[EventType "team-tourn"]
[EventRounds "9"]
[WhiteTeam "Schachklub Weida"]
[BlackTeam "SSV Vimaria 91 Weimar 2"]

{[%evp 0,27,20,20,71,71,64,59,64,47,47,28,34,12,5,3,0,12,10,12,13,13,11,8,9,7,18,17,26,26]} 1. e4 c6 2. d4 d5 3. exd5 cxd5 4. Nf3 Nc6 5. c3 Bf5 6. Bd3 Bxd3 7. Qxd3 e6 8. Bf4 Bd6 9. Bxd6 Qxd6 10. Nbd2 Nge7 11. O-O O-O 12. Rfe1 Ng6 13. Rac1 a5 14. a4 1/2-1/2

[Event "Landesklasse Ost 2024/25"]
[Site "?"]
[Date "2024.09.15"]
[Round "1.8"]
[White "Hadelich, Arvin"]
[Black "Lehmann, Volkhard"]
[Result "1-0"]
[WhiteElo "1238"]
[BlackElo "1563"]
[PlyCount "105"]
[EventDate "2024.09.15"]
[EventType "team-tourn"]
[EventRounds "9"]
[WhiteTeam "SSV Vimaria 91 Weimar 2"]
[BlackTeam "Schachklub Weida"]

{[%evp 0,105,20,15,15,6,45,-3,134,125,103,104,124,69,91,67,92,76,81,66,60,49,42,50,50,31,26,36,36,31,31,45,43,60,71,59,70,98,64,71,96,94,91,109,105,97,97,113,113,123,121,100,115,89,103,114,117,74,125,136,155,157,166,178,152,169,169,77,406,451,548,540,580,607,607,596,762,571,723,783,845,891,966,1009,1228,1249,1259,1042,1050,1211,1252,1248,1305,1419,29989,1121,1138,992,1002,1250,29979,29970,29977,29984,29985,29986,29987,29988]} 1. d4 d5 2. c4 Bf5 3. Nc3 dxc4 4. e4 Bg6 5. Bxc4 e6 6. a3 Nd7 7. Nf3 Nb6 8. Be2 Be7 9. Be3 Nf6 10. Nd2 O-O 11. O-O Rc8 12. f3 c5 13. dxc5 Bxc5 14. Bxc5 Rxc5 15. Nb3 Rc8 16. Qxd8 Rfxd8 17. Rfd1 h6 18. Na5 Rxd1+ 19. Rxd1 Rc7 20. Rd8+ Kh7 21. Rb8 Rd7 22. Rxb7 Rd2 23. Rxa7 Rxb2 24. Rb7 Rc2 25. Rxb6 Rxc3 26. Rb3 Rc1+ 27. Kf2 Nd7 28. Nb7 Ra1 29. Bb5 Nf6 30. a4 Ra2+ 31. Ke3 Rxg2 32. a5 Rxh2 33. Nc5 Rh3 34. a6 Ng4+ 35. Kd4 e5+ 36. Kc4 f5 37. Kb4 fxe4 38. fxe4 Rxb3+ 39. Kxb3 Bf7+ 40. Ka4 Nf6 41. a7 Nd5 42. exd5 Bxd5 43. Ka5 e4 44. Kb6 e3 45. Nb7 Bf3 46. a8=Q e2 47. Bxe2 Bxe2 48. Nd6 Bd3 49. Qf8 Bg6 50. Ne8 Bxe8 51. Qxe8 g5 52. Qf7+ Kh8 53. Qg6 1-0

[Event "Landesklasse Ost 2024/25"]
[Site "?"]
[Date "2024.09.15"]
[Round "1.1"]
[White "Kaipalath, Varun Raj"]
[Black "Niederdorfer, Adrian"]
[Result "1-0"]
[WhiteElo "1862"]
[BlackElo "1876"]
[PlyCount "69"]
[EventDate "2024.09.15"]
[EventType "team-tourn"]
[EventRounds "9"]
[WhiteTeam "SV Schott Jena 2"]
[BlackTeam "SV Empor Erfurt 2"]

{[%evp 0,69,20,20,42,30,63,59,69,61,59,55,75,47,63,75,80,19,6,24,20,14,2,-7,1,-19,-19,-38,-1,1,9,0,6,11,4,-17,10,8,-2,4,-4,-10,-8,-8,-13,-33,-31,-28,-26,-22,-23,-23,-20,-20,24,54,39,-24,79,-83,-63,-117,95,67,67,-82,0,-57,2152,29984,29985,29986]} 1. e4 d5 2. exd5 Qxd5 3. Nc3 Qd6 4. d4 Nf6 5. Nf3 c6 6. Bc4 Bg4 7. Be3 e6 8. Bb3 Nbd7 9. h3 Bh5 10. Qe2 Be7 11. O-O-O b5 12. g4 Bg6 13. Rhe1 O-O 14. Nh4 a5 15. Nxg6 hxg6 16. a4 b4 17. Nb1 Nd5 18. Nd2 Nxe3 19. Qxe3 Nb6 20. Nc4 Nxc4 21. Bxc4 Rfd8 22. Rd3 Bf6 23. Red1 Rd7 24. g5 Bd8 25. h4 Qh2 26. Qe4 Bc7 27. Qxc6 Rad8 28. Kb1 Bf4 29. Rh1 Qxf2 30. h5 Rd6 31. Qb7 gxh5 32. Rxh5 Qg1+ 33. Ka2 Rxd4 34. Rdh3 b3+ 35. cxb3 1-0

[Event "Landesklasse Ost 2024/25"]
[Site "?"]
[Date "2024.09.15"]
[Round "1.2"]
[White "Taudte, Stefan"]
[Black "Kavehei, Hamed"]
[Result "1-0"]
[WhiteElo "1925"]
[BlackElo "1735"]
[PlyCount "93"]
[EventDate "2024.09.15"]
[EventType "team-tourn"]
[EventRounds "9"]
[WhiteTeam "SV Empor Erfurt 2"]
[BlackTeam "SV Schott Jena 2"]

{[%evp 0,93,20,30,32,-9,2,-3,6,-28,21,3,49,37,157,33,30,20,79,46,110,72,81,76,76,77,74,57,58,58,60,71,93,54,96,63,83,91,124,132,139,135,141,132,240,166,160,124,197,176,198,136,190,148,154,168,162,162,176,186,414,197,230,168,291,309,308,301,318,238,301,302,286,267,256,251,254,240,234,254,314,299,264,264,271,281,426,546,736,772,812,817,828,775,1119,1159]} 1. d4 Nf6 2. c4 e6 3. Nc3 d5 4. Bg5 c6 5. Nf3 Qb6 6. Qc2 Ne4 7. c5 Qa5 8. a3 Nxc3 9. b4 Qc7 10. Qxc3 Be7 11. e3 Bxg5 12. Nxg5 Nd7 13. f4 Nf6 14. Bd3 Bd7 15. O-O g6 16. Rab1 a6 17. a4 Ke7 18. Nf3 Rhc8 19. Ne5 Be8 20. Qe1 Kf8 21. Qh4 Kg7 22. g4 Ng8 23. g5 Qe7 24. Ng4 Rc7 25. Rf3 Rb8 26. Rh3 h5 27. gxh6+ Kh7 28. Qg3 b5 29. a5 Nf6 30. Ne5 Ne4 31. Qg2 f5 32. Kh1 Bf7 33. Rg1 Rg8 34. Nf3 Qf6 35. Bxe4 dxe4 36. Ng5+ Kh8 37. Rg3 Be8 38. h4 Re7 39. h5 Rf8 40. hxg6 Qxg6 41. Nxe4 Qxh6+ 42. Rh3 Rh7 43. Ng5 Qxh3+ 44. Nxh3 Bh5 45. Qxc6 Bg4 46. Qxe6 Rg8 47. Rg3 1-0

[Event "Landesklasse Ost 2024/25"]
[Site "?"]
[Date "2024.09.15"]
[Round "1.3"]
[White "Eichhorn, Mathilda"]
[Black "Dietrich, Mareike"]
[Result "1-0"]
[WhiteElo "1757"]
[BlackElo "1758"]
[PlyCount "49"]
[EventDate "2024.09.15"]
[EventType "team-tourn"]
[EventRounds "9"]
[WhiteTeam "SV Schott Jena 2"]
[BlackTeam "SV Empor Erfurt 2"]

{[%evp 0,49,20,20,57,59,82,71,67,34,46,38,59,35,81,66,80,41,40,18,10,17,29,2,15,30,8,18,165,-15,164,164,148,152,159,102,211,179,421,434,462,345,419,414,700,554,29983,29984,29985,29986,29987,29988]} 1. e4 c5 2. Nf3 d6 3. d4 cxd4 4. Nxd4 Nf6 5. Nc3 a6 6. Be2 Nbd7 7. Be3 e6 8. Qd2 b5 9. a3 Bb7 10. f3 d5 11. exd5 Nxd5 12. Nxd5 Bxd5 13. O-O Rc8 14. Rad1 Nf6 15. a4 Bc4 16. axb5 axb5 17. Nxb5 Nd5 18. Bf2 Qf6 19. Bxc4 Rxc4 20. b3 Bb4 21. Qd3 Rc3 22. Nxc3 Bxc3 23. Qb5+ Ke7 24. Bc5+ Kd8 25. Qb8+ 1-0

[Event "Landesklasse Ost 2024/25"]
[Site "?"]
[Date "2024.09.15"]
[Round "1.4"]
[White "Pichl, Michael"]
[Black "Bunke, Wilfried"]
[Result "0-1"]
[WhiteElo "1665"]
[BlackElo "1865"]
[PlyCount "82"]
[EventDate "2024.09.15"]
[EventType "team-tourn"]
[EventRounds "9"]
[WhiteTeam "SV Empor Erfurt 2"]
[BlackTeam "SV Schott Jena 2"]

{[%evp 0,82,20,-18,4,-42,-9,-1,5,-11,17,24,14,-11,0,3,5,0,17,-18,-24,-50,-36,-68,-38,-29,-37,-38,-27,-68,-49,-52,-18,-31,-20,-21,20,-51,-26,30,77,-34,29,-6,52,63,46,66,62,164,112,112,141,214,307,118,196,-110,391,-51,16,-139,-132,-196,-232,-232,-191,-191,-228,-371,-413,-520,-510,-500,-469,-773,-824,-1544,-1468,-1687,-1038,-1569,-1569,-29993,-29994]} 1. g3 d5 2. Bg2 Nf6 3. Nf3 e6 4. d3 Be7 5. O-O O-O 6. Nbd2 c5 7. e4 Nc6 8. Re1 b5 9. e5 Nd7 10. Nf1 a5 11. Bf4 b4 12. h4 Ba6 13. N1h2 a4 14. Ng5 Nd4 15. Rc1 a3 16. bxa3 bxa3 17. Qh5 Bxg5 18. hxg5 Re8 19. Ng4 Nf5 20. Bf3 Nd4 21. Bd1 c4 22. c3 Nf5 23. d4 Rb8 24. Kg2 g6 25. Qh3 h5 26. Nf6+ Nxf6 27. exf6 Rb2 28. Rh1 e5 29. dxe5 d4 30. Bf3 dxc3 31. Rhd1 Qb6 32. Rf1 Bb7 33. Bxb7 Qxb7+ 34. Kg1 Nd4 35. f3 Ne2+ 36. Kh1 Nxc1 37. Bxc1 Rxe5 38. Bxb2 axb2 39. g4 Rxg5 40. Re1 b1=Q 41. Kg2 Qxe1 0-1

[Event "Landesklasse Ost 2024/25"]
[Site "?"]
[Date "2024.09.15"]
[Round "1.5"]
[White "Jordan, Gunter"]
[Black "Niebur, Thorben Carl"]
[Result "1/2-1/2"]
[WhiteElo "1785"]
[BlackElo "1782"]
[PlyCount "92"]
[EventDate "2024.09.15"]
[EventType "team-tourn"]
[EventRounds "9"]
[WhiteTeam "SV Schott Jena 2"]
[BlackTeam "SV Empor Erfurt 2"]

{[%evp 0,92,20,32,82,49,43,46,46,23,49,65,50,46,67,44,58,56,50,55,58,44,44,43,43,41,54,54,46,39,45,24,20,6,26,28,30,60,88,68,68,72,136,136,164,161,161,170,184,209,474,113,104,48,41,46,146,139,149,135,158,157,157,139,169,169,180,97,101,77,117,106,101,80,115,114,111,117,144,23,75,11,63,18,46,46,44,0,0,0,0,0,0,0,117]} 1. d4 f5 2. c4 e6 3. Nc3 Nf6 4. g3 Be7 5. Bg2 O-O 6. Nf3 d6 7. O-O Ne4 8. Qc2 Nxc3 9. Qxc3 a5 10. b3 Bf6 11. Bb2 Nc6 12. Rad1 Qe7 13. Qd2 e5 14. d5 Nd8 15. e3 Nf7 16. Ne1 g5 17. f4 g4 18. e4 exf4 19. Bxf6 Qxf6 20. Qxf4 Nh6 21. Nc2 Kg7 22. Nd4 Bd7 23. exf5 Bxf5 24. Rde1 Bd7 25. Ne6+ Bxe6 26. Qxf6+ Rxf6 27. Rxf6 Kxf6 28. Rxe6+ Kg5 29. Re7 Rc8 30. Rxh7 Nf5 31. Be4 Ne3 32. Bd3 b6 33. h4+ gxh3 34. Rg7+ Kh6 35. Rh7+ Kg5 36. Rg7+ Kh6 37. Re7 Nd1 38. Bf5 Rg8 39. g4 Kg5 40. Rxc7 Ne3 41. Kh2 Nxg4+ 42. Bxg4 Kxg4 43. Rc6 Re8 44. Rxd6 Re2+ 45. Kg1 h2+ 46. Kh1 Kh3 1/2-1/2

[Event "Landesklasse Ost 2024/25"]
[Site "?"]
[Date "2024.09.15"]
[Round "1.6"]
[White "Bethge, Johanna"]
[Black "Hirsch, Tilo"]
[Result "0-1"]
[WhiteElo "1791"]
[BlackElo "1711"]
[PlyCount "106"]
[EventDate "2024.09.15"]
[EventType "team-tourn"]
[EventRounds "9"]
[WhiteTeam "SV Empor Erfurt 2"]
[BlackTeam "SV Schott Jena 2"]

{[%evp 0,106,20,20,55,67,61,56,78,86,86,55,49,20,65,53,66,32,45,15,50,16,10,14,14,14,14,-19,-5,-27,-18,-14,-26,-14,24,-40,42,36,31,37,28,27,35,42,42,4,40,29,29,27,29,11,18,7,2,10,8,-52,-134,-136,-135,-131,-129,-128,101,96,110,104,104,104,105,116,100,98,87,92,49,76,107,78,104,79,102,-147,-109,-132,-146,-143,-165,-122,-100,-134,-112,-201,-103,-159,-94,-129,-136,-190,-110,-191,-131,-228,-240,-1018,-1127,-1269,-1318]} 1. e4 d6 2. d4 Nf6 3. Nc3 g6 4. Be3 Bg7 5. f3 c6 6. Qd2 Qa5 7. Nge2 Nbd7 8. Nc1 b5 9. Nd3 Bb7 10. e5 dxe5 11. dxe5 Nd5 12. Nxd5 Qxd2+ 13. Bxd2 cxd5 14. Bc3 O-O 15. Be2 Rfc8 16. O-O-O Nb6 17. Kb1 a6 18. Bd4 Nd7 19. Rhe1 e6 20. f4 a5 21. c3 Bf8 22. Rc1 Ba6 23. Rc2 Rc6 24. Rec1 Rac8 25. Ne1 Nb6 26. Nf3 Nc4 27. Bf2 b4 28. Bd4 bxc3 29. Rxc3 Bb4 30. R3c2 Bd2 31. Rd1 Na3+ 32. bxa3 Rxc2 33. Bxa6 Rc1+ 34. Rxc1 Rxc1+ 35. Kb2 Bxf4 36. Bc3 Rd1 37. Kc2 Rc1+ 38. Kb2 g5 39. h3 h5 40. g3 Be3 41. g4 Rh1 42. gxh5 Rxh3 43. Ne1 g4 44. Kc2 g3 45. Bxa5 Rxh5 46. Kd3 Bf4 47. Bb6 Bxe5 48. a4 Rh2 49. a3 Bd6 50. Bb5 Ra2 51. Nc2 g2 52. Kc3 Be5+ 53. Kd3 d4 0-1

[Event "Landesklasse Ost 2024/25"]
[Site "?"]
[Date "2024.09.15"]
[Round "1.7"]
[White "Bönisch, Julian"]
[Black "Finke, Daniel"]
[Result "1-0"]
[WhiteElo "1843"]
[BlackElo "1710"]
[PlyCount "63"]
[EventDate "2024.09.15"]
[EventType "team-tourn"]
[EventRounds "9"]
[WhiteTeam "SV Schott Jena 2"]
[BlackTeam "SV Empor Erfurt 2"]

{[%evp 0,63,20,13,21,-1,-1,-11,15,5,19,13,24,3,0,0,0,-33,-16,-17,27,-19,57,50,117,-10,19,24,16,-20,-27,-52,-39,-39,-33,-25,-3,-34,-24,-31,-47,-31,-24,-20,-50,-28,-31,-63,-32,-80,-67,-81,2,24,29,-113,0,-5,-9,-63,-30,-30,1257,1350,1312,1338]} 1. Nf3 d5 2. g3 Nf6 3. Bg2 e6 4. O-O c5 5. d3 Be7 6. Nbd2 O-O 7. e4 Nc6 8. c3 Qc7 9. Qe2 dxe4 10. dxe4 Rb8 11. Nc4 e5 12. Nh4 b5 13. Ne3 Rd8 14. Nef5 Be6 15. b3 a5 16. Bg5 c4 17. Nxe7+ Nxe7 18. Bxf6 gxf6 19. Qf3 Kg7 20. Nf5+ Nxf5 21. exf5 Bd5 22. Qg4+ Kf8 23. Qh4 Ke7 24. Rfe1 Bxg2 25. Kxg2 cxb3 26. axb3 Rd2 27. b4 Qc6+ 28. Kh3 Rxf2 29. Rxe5+ Kf8 30. Re4 Rxf5 31. Qh6+ Kg8 32. Rg4+ 1-0

[Event "Landesklasse Ost 2024/25"]
[Site "?"]
[Date "2024.09.20"]
[Round "1.8"]
[White "Niederdorfer, Mathias"]
[Black "Crecelius, Carlo"]
[Result "1/2-1/2"]
[WhiteElo "1686"]
[BlackElo "1650"]
[PlyCount "96"]
[EventDate "2024.09.15"]
[EventType "team-tourn"]
[EventRounds "9"]
[WhiteTeam "SV Empor Erfurt 2"]
[BlackTeam "SV Schott Jena 2"]

{[%evp 0,96,20,20,59,45,42,21,68,13,113,55,55,11,11,11,21,-50,-8,-11,-11,-11,4,0,1,-42,-11,-13,20,14,6,6,35,-32,-12,-81,27,-27,-55,-51,-57,-73,-28,-43,-51,-66,-65,-95,-86,-108,44,-136,-140,-136,-134,-134,-151,-153,-100,-140,-114,-119,-118,-130,-129,-138,-132,-154,-132,-131,-62,-65,-67,-66,-62,-54,-48,-55,-48,-47,-11,0,-5,0,0,0,0,-2,-1,-10,-10,-9,-2,-2,369,376,382,377,925]} 1. e4 c5 2. d4 cxd4 3. c3 d6 4. Nf3 g6 5. Bc4 Nf6 6. Qxd4 Nc6 7. Qd3 Bg7 8. e5 dxe5 9. Qxd8+ Nxd8 10. Nxe5 Be6 11. Bb5+ Kf8 12. Be3 a6 13. Ba4 Rc8 14. Nd2 b5 15. Bb3 h5 16. Bb6 Nd5 17. Bd4 h4 18. h3 Rh5 19. Ndf3 Nf4 20. Kf1 Bc4+ 21. Bxc4 bxc4 22. Nd7+ Kg8 23. Bxg7 Kxg7 24. Rd1 Nd3 25. Rd2 Rc6 26. Nde5 Nxe5 27. Rxd8 Nxf3 28. gxf3 Rf5 29. Rd4 Rb6 30. Rxc4 Rxb2 31. Kg2 Rxa2 32. Rxh4 Rc2 33. Ra4 Rg5+ 34. Rg4 Rxg4+ 35. fxg4 Rxc3 36. Ra1 Rc6 37. f4 Kf6 38. Ra5 Ke6 39. h4 Kd6 40. f5 Kc7 41. Re5 e6 42. fxg6 fxg6 43. h5 gxh5 44. gxh5 Kd6 45. Rg5 Ke7 46. h6 Kf6 47. h7 Rc2+ 48. Kg3 Rc3+ 1/2-1/2

[Event "Landesklasse Ost 2024/25"]
[Site "?"]
[Date "2024.09.15"]
[Round "1.1"]
[White "Kania, Markus"]
[Black "Wentzel, Florian"]
[Result "0-1"]
[WhiteElo "2064"]
[BlackElo "2032"]
[PlyCount "94"]
[EventDate "2024.09.15"]
[EventType "team-tourn"]
[EventRounds "9"]
[WhiteTeam "MTV 1876 Saalfeld"]
[BlackTeam "TV 1887 Germania Hermsdorf"]

1. c4 c6 2. g3 d5 3. Nf3 Nf6 4. Bg2 Bf5 5. Qb3 Qb6 6. d3 e6 7. Be3 Qxb3 8. axb3 a6 9. Bd4 Nbd7 10. Bc3 Bd6 11. Nh4 Bg6 12. Nxg6 hxg6 13. h4 O-O 14. Nd2 e5 15. e3 Rfe8 16. O-O Nc5 17. d4 Nd3 18. Bf3 exd4 19. exd4 Ne4 20. Bxe4 dxe4 21. c5 Bc7 22. Nc4 Rad8 23. Rfd1 f5 24. f4 Rd7 25. Kf1 Red8 26. Ke2 Kf7 27. Rd2 Ke6 28. b4 Rh8 29. Ke3 g5 30. Rxd3 gxf4+ 31. gxf4 exd3 32. Rh1 Rh6 33. Kf3 Rg6 34. Ne3 Rf7 35. Rd1 Rh6 36. Be1 Bd8 37. Ng2 Rd7 38. Rxd3 Bf6 39. Ke3 Rh8 40. Rd1 Rhd8 41. Bc3 Kf7 42. Rd3 Re7+ 43. Kf3 g6 44. Rd1 Re4 45. Ne3 Bxd4 46. Nc2 Bf6 47. Rxd8 Bxd8 0-1

[Event "Landesklasse Ost 2024/25"]
[Site "?"]
[Date "2024.09.15"]
[Round "1.2"]
[White "Rohde, Frederik"]
[Black "Bellmann, Daniel"]
[Result "0-1"]
[WhiteElo "1752"]
[BlackElo "1814"]
[PlyCount "56"]
[EventDate "2024.09.15"]
[EventType "team-tourn"]
[EventRounds "9"]
[WhiteTeam "TV 1887 Germania Hermsdorf"]
[BlackTeam "MTV 1876 Saalfeld"]

1. e4 c6 2. d4 d5 3. Nc3 dxe4 4. Nxe4 Nf6 5. Nxf6+ exf6 6. c3 Bd6 7. Bd3 O-O 8. Ne2 Re8 9. Qc2 h6 10. Be3 Be6 11. O-O Qc7 12. Ng3 Nd7 13. c4 Nf8 14. Rac1 Rad8 15. Rfe1 Bc8 16. Kh1 Bb4 17. Re2 Ne6 18. Qa4 a5 19. a3 Bf8 20. Bd2 Rxd4 21. Bf5 Nc5 22. Qd1 Rxe2 23. Nxe2 Rxd2 24. Qxd2 Bxf5 25. Rd1 Nd3 26. Nc1 Nxc1 27. Qxc1 Be6 28. b3 Qe7 0-1

[Event "Landesklasse Ost 2024/25"]
[Site "?"]
[Date "2024.09.15"]
[Round "1.3"]
[White "Böhl, Dietmar"]
[Black "Baulig, Manuel"]
[Result "1-0"]
[WhiteElo "1805"]
[BlackElo "1909"]
[PlyCount "77"]
[EventDate "2024.09.15"]
[EventType "team-tourn"]
[EventRounds "9"]
[WhiteTeam "MTV 1876 Saalfeld"]
[BlackTeam "TV 1887 Germania Hermsdorf"]

1. e4 e6 2. d4 d5 3. exd5 exd5 4. c4 Nf6 5. Nf3 Bb4+ 6. Nc3 O-O 7. Be2 dxc4 8. O-O Nd5 9. Bg5 f6 10. Bd2 Nb6 11. b3 Bxc3 12. Bxc3 cxb3 13. Qxb3+ Qd5 14. Qxd5+ Nxd5 15. Bc4 c6 16. Rfe1 Kh8 17. Bd2 Bg4 18. Re4 Bxf3 19. gxf3 Nd7 20. Bxd5 cxd5 21. Re7 Rad8 22. Rc1 Rfe8 23. Rxe8+ Rxe8 24. Rc7 Nb6 25. Rxb7 Nc4 26. Bb4 Ra8 27. Bc5 a5 28. Rd7 Kg8 29. Rxd5 Rb8 30. Rd7 Rb2 31. a3 Rb3 32. Ra7 Rxf3 33. d5 Rd3 34. d6 Nxd6 35. Rd7 Ne4 36. Rxd3 Nxc5 37. Rd5 Nb3 38. Rb5 a4 39. Rb4 1-0

[Event "Landesklasse Ost 2024/25"]
[Site "?"]
[Date "2024.09.15"]
[Round "1.4"]
[White "Hädrich, Dirk"]
[Black "Wagner, Ronald"]
[Result "1-0"]
[WhiteElo "1801"]
[BlackElo "1775"]
[PlyCount "63"]
[EventDate "2024.09.15"]
[EventType "team-tourn"]
[EventRounds "9"]
[WhiteTeam "TV 1887 Germania Hermsdorf"]
[BlackTeam "MTV 1876 Saalfeld"]

1. d4 d5 2. Nf3 Nf6 3. Bg5 e6 4. e3 Be7 5. Bd3 c5 6. c3 Nc6 7. Nbd2 Qb6 8. Qc2 h6 9. Bh4 O-O 10. O-O Bd7 11. Ne5 Rfd8 12. Rae1 Rac8 13. Qb1 Na5 14. Nxd7 Rxd7 15. f4 Ne4 16. Nxe4 dxe4 17. Bxe7 Rxe7 18. Bxe4 Nc4 19. Rf2 Rd7 20. Bd3 Nd6 21. Qd1 cxd4 22. exd4 Qa5 23. a3 b5 24. Qh5 a6 25. Re3 Qd8 26. f5 Nxf5 27. Bxf5 exf5 28. Qxf5 Qc7 29. Rfe2 Rf8 30. Re8 Rd8 31. R2e7 Qc8 32. Qxf7+ 1-0

[Event "Landesklasse Ost 2024/25"]
[Site "?"]
[Date "2024.09.15"]
[Round "1.5"]
[White "Herrmann, Manfred"]
[Black "Pietsch, Karsten"]
[Result "0-1"]
[WhiteElo "1567"]
[BlackElo "1718"]
[PlyCount "60"]
[EventDate "2024.09.15"]
[EventType "team-tourn"]
[EventRounds "9"]
[WhiteTeam "MTV 1876 Saalfeld"]
[BlackTeam "TV 1887 Germania Hermsdorf"]

1. g3 d5 2. Bg2 Nf6 3. d3 e5 4. Nc3 c6 5. e4 Be6 6. a3 Nbd7 7. Bg5 h6 8. Bd2 Bc5 9. h3 b5 10. b4 Bb6 11. f4 dxe4 12. Nxe4 Bd5 13. Nd6+ Kf8 14. Bxd5 cxd5 15. Nf5 g6 16. Ne3 exf4 17. gxf4 Qe7 18. Qe2 Re8 19. Kf2 Qd6 20. Kf3 d4 21. Ng4 Rxe2 22. Nxe2 Qc6+ 23. Kf2 Qxc2 24. Rhd1 Nxg4+ 25. hxg4 Nf6 26. Rac1 Qxd3 27. Be1 Nxg4+ 28. Kf1 Qh3+ 29. Kg1 Qh2+ 30. Kf1 Ne3# 0-1